000 00587nam a2200229Ia 4500
003 OSt
005 20220924144624.0
006 a|||||r|||| 00| 0
007 ta
008 220923b |||||||| |||| 00| 0 urd d
024 _a316411
037 _cTextual
040 _aARTS
_cARTS
_burd
041 _2urd
_aurd
082 _aO168,2M32,12, G2
100 _aAazad Mohammad Hussain
_9218037
245 0 _aDarama-e-Akbar
260 _c1932
650 _aURDU DRAMA
942 _hO168,2M32,12, G2
_cTEXL
_2CC
999 _c457665
_d457665